Bayrische Städte und Orte mit Hinweisen - Statistiken

Allgemein
  • Dieses Quiz wurde 2.161 mal gespielt
  • Das Durchschnittsergebnis liegt bei 11 aus 15
Antwortstatistiken
Hinweis Stadt / Ort % Korrekt
Landeshauptstadt. Auch das kulturelle und wirtschaftliche Zentrum des Landes München
100%
Für seine Rassengesetze von 1935 und Prozesse von 1946 berüchtigt Nürnberg
93%
Diese Stadt ist Heimat der Fugger-Familie, einer der reichsten Familien, die je gelebt hat Augsburg
85%
Vorort der größten Stadt, heute bekannt für ein nahegelegenes Konzentrationslager Dachau
85%
Hauptsitz von Audi und MediaMarkt Ingolstadt
79%
Mondänes Skiresort, welches Gastgeber der Olympischen Winterspiele 1936 war Garmisch-Partenkirchen
78%
Hauptstadt des Heiligen Römischen Reiches von 1663 bis 1806. Der bekannteste Sportverein dieser Stadt ist der Jahn. Regensburg
76%
Am Zusammenfluss von Donau und Inn gelegen. Anfällig für schwere Hochwasser Passau
75%
Malerische Kleinstadt in Westbayern, bekannt für seine malerische mittelalterliche Altstadt. Ein Höhepunkt an der Romantischen Straße {Rothenburg} ob der Tauber
72%
Zentrum des nordwestlich gelegenen Niederfranken, am Main. Bekannt für Festung Marienberg Würzburg
68%
Die berühmteste Persönlichkeit dieser Stadt hieß Richard Wagner Bayreuth
65%
Bedeutsames Ferienziel am Bodensee. Sein Zentrum liegt auf einer kleinen Insel Lindau (Bodensee)
63%
Transportknoten in unmittelbarer Nähe zu Schloss Neuschwanstein Füssen
50%
Dieser Kurort ist bekannt für seine Skiflugschanze, wo am 29. oder 30. Dez. geflogen wird Oberstdorf
50%
Markt im südostlichsten Zipfel Bayerns, bekannt für seinen fjordähnlichen Königssee sowie für seine Geschichte mit dem Nationalsozialismus. Berchtesgaden
48%
Keine übereinstimmenden Quizze gefunden
Verteilung der Resultate
Anzahl Personen mit jedem Resultat
Perzentil nach korrekt beantworteten Fragen
Ihre Resultats-Entwicklung
Sie haben dieses Quiz noch nicht gespielt